Communes d'Ille-et-Vilaine_Mort Subite (difficile) - Statistiques

Statistiques générales
  • Ce quiz a été pris 45 fois
  • Le résultat moyen est 10 sur 20
Answers on the Grid
Answers color-coded by a green-red scale on the quiz's grid according to % correct below.
Acigné
Bain-de-Bretagne
Baud
Betton
Bourgbarré
Carentoir
Caulnes
Cesson-Sévigné
Chartres-de-Bretagne
Cossé-le-Vivien
Saint-Malo
Derval
Douarnenez
Erquy
Fougères
Gévezé
Gorron
Guichen
Guipry-Messac
La Chapelle-Thouarault
La Fresnais
Lannion
Larchamp
Lécousse
Malestroit
Vitré
Méral
Merdrignac
Mesnil-Roc'h
Nozay
Ombrée d'Anjou
Paimpont
Péaule
Plélan-le-Grand
Quintin
Redon
Réguiny
Rieux
Saint-Jacques-de-la-Lande
Sévignac
 
Statistiques - réponses
Réponse % Correct
Fougères
74%
Cesson-Sévigné
71%
Vitré
71%
Saint-Malo
68%
Bain-de-Bretagne
65%
Redon
65%
Saint-Jacques-de-la-Lande
65%
Guichen
61%
Chartres-de-Bretagne
55%
Guipry-Messac
55%
Betton
52%
La Chapelle-Thouarault
42%
Acigné
39%
Bourgbarré
39%
Gévezé
39%
Paimpont
39%
Plélan-le-Grand
35%
Lécousse
29%
Mesnil-Roc'h
29%
La Fresnais
19%
Aucun quiz correspondant
Distribution des résultats
% des personnes avec chaque résultat
Percentile par nombre de réponses
Votre historique - résultats
Vous n’avez pas pris ce quiz